| 000 | 00714nam a2200289Ia 4500 | ||
|---|---|---|---|
| 008 | 210210b2013 xxu||||| |||| 00| 0 eng d | ||
| 020 | _a0198090331 | ||
| 041 | _aeng | ||
| 082 | _a363.2 KUMP | ||
| 100 | _aKUMAR (T K Vinod) | ||
| 245 |
_aPublic events and police response _bUnderstanding public order policing in democratic India |
||
| 260 |
_aND _bOxford University Press _c2013 |
||
| 300 | _axvii,319 | ||
| 650 | _aUnderstanding | ||
| 650 | _aresponse | ||
| 650 | _aPublic | ||
| 650 | _apolicing | ||
| 650 | _apolice | ||
| 650 | _aorder | ||
| 650 | _aIndia | ||
| 650 | _ain | ||
| 650 | _aevents | ||
| 650 | _ademocratic | ||
| 650 | _aand | ||
| 690 | _aSocial Problems | ||
| 906 | _a067713 | ||
| 999 |
_c150878 _d150878 |
||